Física general : (Registro nro. 40)
[ vista simple ]
| 000 -LEADER | |
|---|---|
| fixed length control field | 01504nam a2200289Ia 4500 |
| 003 - CONTROL NUMBER IDENTIFIER | |
| control field | PE SENCICO BE |
| 005 - DATE AND TIME OF LATEST TRANSACTION | |
| control field | 20251020182423.0 |
| 008 - FIXED-LENGTH DATA ELEMENTS--GENERAL INFORMATION | |
| fixed length control field | 200515s9999 xx 000 0 und d |
| 020 ## - INTERNATIONAL STANDARD BOOK NUMBER | |
| International Standard Book Number | 968-6034-35-8 |
| 040 ## - CATALOGING SOURCE | |
| Original cataloging agency | PE SENCICO BE |
| Transcribing agency | PE SENCICO BE |
| 082 ## - DEWEY DECIMAL CLASSIFICATION NUMBER | |
| Classification number | 530.078 |
| Item number | A45 1983 |
| 100 1# - MAIN ENTRY--PERSONAL NAME | |
| Personal name | Alvarenga Álvares, Beatriz |
| 9 (RLIN) | 2120 |
| Relator term | autor |
| 245 10 - TITLE STATEMENT | |
| Title | Física general : |
| Remainder of title | con experimentos sencillos / |
| Statement of responsibility, etc. | Beatriz Alvarenga Álvares, Antonio Máximo Ribeiro Da Luz |
| 250 ## - EDITION STATEMENT | |
| Edition statement | 3a ed. |
| 260 ## - PUBLICATION, DISTRIBUTION, ETC. | |
| Place of publication, distribution, etc. | México, D.F. |
| 260 ## - PUBLICATION, DISTRIBUTION, ETC. | |
| Name of publisher, distributor, etc. | Harla |
| 260 ## - PUBLICATION, DISTRIBUTION, ETC. | |
| Date of publication, distribution, etc. | 1983 |
| 300 ## - PHYSICAL DESCRIPTION | |
| Extent | 975 p. : |
| Other physical details | il. ; |
| Dimensions | 21 cm. |
| 505 0# - FORMATTED CONTENTS NOTE | |
| Formatted contents note | Movimiento rectilíneo -- Vectores . Movimiento curvilíneo -- Primera y tercera leyes de Newton -- Segunda ley de Newton -- Gravitación universal -- Hidrostática -- Conservación de la energía -- Conservación de la cantidad de movimiento -- Temperatura y dilatación -- Comportamiento de los gases -- Primera ley de termodinámica -- Cambio de fase -- Reflexión de la luz -- Refracción de la luz -- Movimiento ondulatorio acústica -- Carga eléctrica -- Campo eléctrico -- Potencial eléctrico -- Corriente eléctrica -- Fuerza electromotriz-ecuaciones de circuito -- Campo magnético -- Inducción electromagnética - ondas y sistemas de CA |
| 650 10 - SUBJECT ADDED ENTRY--TOPICAL TERM | |
| Topical term or geographic name entry element | Física |
| 9 (RLIN) | 74 |
| 650 20 - SUBJECT ADDED ENTRY--TOPICAL TERM | |
| Topical term or geographic name entry element | Cinemática |
| 9 (RLIN) | 163 |
| 650 20 - SUBJECT ADDED ENTRY--TOPICAL TERM | |
| Topical term or geographic name entry element | Temperatura |
| 9 (RLIN) | 2122 |
| 650 20 - SUBJECT ADDED ENTRY--TOPICAL TERM | |
| Topical term or geographic name entry element | Termodinámica |
| 9 (RLIN) | 2123 |
| 650 20 - SUBJECT ADDED ENTRY--TOPICAL TERM | |
| Topical term or geographic name entry element | Electrostática |
| 9 (RLIN) | 2124 |
| 700 1# - ADDED ENTRY--PERSONAL NAME | |
| 9 (RLIN) | 2121 |
| Personal name | Ribeiro da Luz, Antonio Máximo |
| 942 ## - ADDED ENTRY ELEMENTS (KOHA) | |
| Koha item type | Libros |
| Source of classification or shelving scheme | Dewey Decimal Classification |
| Fecha de la última vez que lo usaron | Número de ingreso o de inventario | Pago total | Signatura topográfica completa | Código de barras | Precio efectivo desde | Tipo de documento | Estado perdido | Sistema de clasificación | Estado dañado | No es para préstamo | Retirado | Ubicación permanente | Ubicación actual | Fecha de adquisición |
|---|---|---|---|---|---|---|---|---|---|---|---|---|---|---|
| 15/05/2020 | 12481 | 530.078/A45/1983 | BibLima24040057 | 15/05/2020 | Libros | Dewey Decimal Classification | Biblioteca Central Lima | Biblioteca Central Lima | 15/05/2020 |